Percepción de los maestros de Artes Visuales sobre la construcción de la imagen del negro en el arte puertorriqueño (Record no. 172193)
[ view plain ]
| 000 -CABECERA | |
|---|---|
| campo de control de longitud fija | 01983nab a2200313 a 4500 |
| 005 - FECHA Y HORA DE LA ÚLTIMA TRANSACCIÓN | |
| campo de control | 20210219162219.0 |
| 008 - ELEMENTOS DE LONGITUD FIJA--INFORMACIÓN GENERAL | |
| campo de control de longitud fija | 991125s1985 mx 000 0 spa u |
| 035 ## - NÚMERO DE CONTROL DEL SISTEMA | |
| Número de control de sistema | UPN01000200092 |
| 049 ## - COLECCIÓN | |
| Colección | ART-E |
| 100 1# - ASIENTO PRINCIPAL--NOMBRE PERSONAL | |
| Nombre de persona | Lara Fonseca, Lillian |
| 100 1# - ASIENTO PRINCIPAL--NOMBRE PERSONAL | |
| Filiación | laralillian@gmail.com |
| 222 ## - TÍTULO CLAVE | |
| Título clave | CUADERNO DE INVESTIGACION EN LA EDUCACION |
| 245 ## - MENCIÓN DE TÍTULO | |
| Título | Percepción de los maestros de Artes Visuales sobre la construcción de la imagen del negro en el arte puertorriqueño |
| 260 ## - PUBLICACIÓN, DISTRIBUCIÓN, ETC. | |
| Lugar de publicación, distribución, etc. | Puerto Rico |
| 300 ## - DESCRIPCIÓN FÍSICA | |
| Extensión | 181-198 |
| 362 0# - FECHAS DE PUBLICACIÓN Y/O DESIGNACIÓN SECUENCIAL | |
| Fecha de publicación y/o designación secuencial | 2012 No. 27, dic. |
| 336 ## - TIPO DE CONTENIDO | |
| Término de tipo de contenido | texto$2rdacontent |
| 337 ## - TIPO DE MEDIO | |
| Nombre/término del tipo de medio | computadora$2rdamedia |
| 338 ## - TIPO DE SOPORTE | |
| Nombre/término del tipo de soporte | recurso en linea$2rdacarrier |
| 520 3# - NOTA DE RESUMEN, ETC. | |
| Sumario, etc. | Puerto Rico se define, entre otras características, por su diversidad étnica y “racial”. En este escenario, era relevante investigar la percepción del educador sobre la construcción de la imagen del negro en la cultura visual. Específicamente, el estudio consideró la percepción de 39 maestros de artes visuales de una región educativa de la Isla. Para tales fines, la investigadora diseñó un cuestionario basado en los principios de la técnica del diferencial semántico en la que estos evaluaron siete pinturas emblemáticas del arte puertorriqueño. El estudio reveló que los maestros tienen una percepción moderadamente alta sobre la construcción de la imagen del negro en algunas de las piezas. También, evidenció que no existe relación estadísticamente significativa entre su percepción y las variables sociodemográficas bajo estudio. Al analizar los hallazgos del estudio, se justificó la implementación de un acercamiento multicultural en el currículo de bellas artes. |
| 653 0# - TERMINO DE INDIZACION - NO CONTROLADO | |
| Término no controlado | DIVERSIDAD CULTURAL |
| 653 0# - TERMINO DE INDIZACION - NO CONTROLADO | |
| Término no controlado | ARTES VISUALES |
| 653 0# - TERMINO DE INDIZACION - NO CONTROLADO | |
| Término no controlado | EDUCACION MULTICULTURAL |
| 653 0# - TERMINO DE INDIZACION - NO CONTROLADO | |
| Término no controlado | RAZAS |
| 653 0# - TERMINO DE INDIZACION - NO CONTROLADO | |
| Término no controlado | REPRESENTACION SOCIAL |
| 856 4# - LOCALIZACIÓN Y ACCESO ELECTRÓNICOS | |
| Identificador Uniforme del Recurso | <a href="http://cie.uprrp.edu/cuaderno/ediciones/27/v27-2012-10.pdf">http://cie.uprrp.edu/cuaderno/ediciones/27/v27-2012-10.pdf</a> |
| 905 ## - TIPO DE MATERIAL | |
| Tipo de material | Articulo |
No items available.
